000 00879cam a2200217 a 4500
999 _c8352
_d8352
020 _a9780073530307 (alk. paper)
020 _a0073530301 (alk. paper)
050 0 0 _aHD30.28
_b.G14
100 1 _aGamble, John
245 1 0 _aEssentials of strategic management :
_bthe quest for competitive advantage /
_cJohn E. Gamble, Arthur A. Thomson, Jr.
250 _a1st ed.
260 _aBoston :
_bMcGraw-Hill Irwin,
_cc2009.
300 _axxvii, 481 p. :
_bcol. charts ;
_c26 cm.
505 _aPART 1. strategy, corporate entrepreneurship, and leadership PART 2. Factors shaping strategic choices PART 3. Executing the strategy PART 4. Beyond competitive strategy PART 5. Cases in strategic management
650 0 _aStrategic planning.
650 0 _aBusiness planning.
650 0 _aCompetition.
650 0 _aStrategic planning
700 1 _aThompson, Arthur A.,
942 _cBK